[Event "BL 2223 (Women)"]
[Site "Germany"]
[Date "2023.03.12"]
[Round "8.4"]
[White "Schulz, Petra"]
[Black "Dirmeier, Carolin"]
[Result "1-0"]
[WhiteElo "1993"]
[BlackElo "1954"]
[PlyCount "91"]
[EventDate "2022.10.15"]
[EventType "team-tourn"]
[EventRounds "11"]
[EventCountry "GER"]
[SourceTitle "CBM 213 Extra"]
[Source "ChessBase"]
[SourceDate "2023.05.31"]
[SourceVersion "1"]
[SourceVersionDate "2023.05.31"]
[SourceQuality "1"]
[WhiteTeam "Leipzig Weissblau (W)"]
[BlackTeam "Bayern Muenchen (W)"]
[WhiteTeamCountry "GER"]
[BlackTeamCountry "GER"]

1. e4 c5 2. Nf3 Nc6 3. d4 cxd4 4. Nxd4 Nf6 5. Nc3 e5 6. Ndb5 d6 7. Bg5 a6 8. Na3 b5 9. Nd5 Be7 10. Bxf6 Bxf6 11. c3 0-0 12. Nc2 Bg5 13. a4 bxa4 14. Rxa4 a5 15. Bc4 Rb8 16. b3 Kh8 17. Nce3 g6 18. Ra2 f5 19. exf5 gxf5 20. h4 Bh6 21. Qh5 Bg7 22. g4 e4 23. gxf5 Ne5 24. Ke2 a4 25. Rxa4 Nxc4 26. bxc4 Rb2+ 27. Kf1 Bxf5 28. Nxf5 Qd7 29. Rb4 Rxb4 30. cxb4 Rxf5 31. Qe2 Bd4 32. Rh2 Qf7 33. Rg2 e3 34. f4 Rxf4+ 35. Nxf4 Qxf4+ 36. Ke1 Bc3+ 37. Kd1 Qd4+ 38. Kc2 Bxb4 39. Qd3 Qe5 40. Kb3 Bc5 41. Qd5 Qe8 42. Qf3 Bd4 43. Ra2 Kg7 44. Qg4+ Kf8 45. Qxd4 e2 46. Qh8+ 1-0

[Event "BL 2122 (Women)"]
[Site "Germany"]
[Date "2021.11.28"]
[Round "2.3"]
[White "Schulz, Petra"]
[Black "Obolentseva, Alexandra"]
[Result "0-1"]
[WhiteElo "1996"]
[BlackElo "2305"]
[PlyCount "54"]
[EventDate "2021.11.27"]
[EventType "team-tourn"]
[EventRounds "11"]
[EventCountry "GER"]
[SourceTitle "EXT 2023"]
[Source "ChessBase"]
[SourceDate "2022.10.05"]
[SourceVersion "1"]
[SourceVersionDate "2022.10.05"]
[SourceQuality "1"]
[WhiteTeam "Leipzig Weissblau (W)"]
[BlackTeam "Bad Koenigshofen (W)"]
[WhiteTeamCountry "GER"]
[BlackTeamCountry "GER"]

1. e4 c5 2. Nf3 d6 3. Bb5+ Nd7 4. 0-0 a6 5. Bxd7+ Bxd7 6. d4 cxd4 7. Qxd4 Nf6 8. Bg5 Bc6 9. Bxf6 gxf6 10. Nc3 e6 11. Rad1 Be7 12. Nd2 Qc7 13. Nc4 Rd8 14. Ne3 Rg8 15. f4 Qa5 16. Rf3 d5 17. exd5 Bc5 18. Qe4 Bxd5 19. Qxh7 Rg6 20. Ncxd5 Rxd5 21. Qh8+ Ke7 22. Kf1 Bxe3 23. Rxd5 Qxd5 24. Rxe3 Qxg2+ 25. Ke1 Qg1+ 26. Kd2 Rg2+ 27. Kd3 Qd1+ 0-1

[Event "BL 1920 (Women)"]
[Site "Germany"]
[Date "2021.09.04"]
[Round "10.3"]
[White "Hapala, Elisabeth"]
[Black "Schulz, Petra"]
[Result "0-1"]
[WhiteElo "2137"]
[BlackElo "2070"]
[PlyCount "76"]
[EventDate "2019.09.14"]
[EventType "team-tourn"]
[EventRounds "11"]
[EventCountry "GER"]
[SourceTitle "EXT 2022"]
[Source "ChessBase"]
[SourceDate "2021.10.06"]
[SourceVersion "1"]
[SourceVersionDate "2021.10.06"]
[SourceQuality "1"]
[WhiteTeam "Lehrte (W)"]
[BlackTeam "Leipzig Weissblau (W)"]
[WhiteTeamCountry "GER"]
[BlackTeamCountry "GER"]

1. e4 e6 2. d4 d5 3. Nd2 c5 4. exd5 Qxd5 5. Ngf3 cxd4 6. Bc4 Qd6 7. 0-0 Nc6 8. Ne4 Qd8 9. Qe2 Nf6 10. Rd1 Be7 11. c3 Nxe4 12. Qxe4 Bf6 13. Nxd4 Nxd4 14. Be3 Qc7 15. Bxd4 Bxd4 16. Rxd4 Bd7 17. Qh4 e5 18. Re1 f6 19. Bd5 Bc6 20. Bb3 Rd8 21. Qh5+ g6 22. Qh3 Rxd4 23. cxd4 Kd8 24. dxe5 fxe5 25. Be6 Qe7 26. Rxe5 Qf6 27. Qe3 Re8 28. f4 Kc7 29. b4 a6 30. g3 Qf8 31. Rc5 Qd6 32. Re5 Qd1+ 33. Kf2 Rd8 34. g4 Rd2+ 35. Kg3 Rd3 36. Kh4 Rxe3 37. Rxe3 Qd4 38. Re2 Qxf4 0-1

[Event "BL 1920 (Women)"]
[Site "Germany"]
[Date "2019.12.15"]
[Round "4.4"]
[White "Arakhamia Grant, Ketevan"]
[Black "Schulz, Petra"]
[Result "1-0"]
[WhiteElo "2376"]
[BlackElo "2070"]
[PlyCount "49"]
[EventDate "2019.09.14"]
[EventType "team-tourn"]
[EventRounds "11"]
[EventCountry "GER"]
[SourceTitle "CBM 194 Extra"]
[Source "ChessBase"]
[SourceDate "2020.03.31"]
[SourceVersion "1"]
[SourceVersionDate "2020.03.31"]
[SourceQuality "1"]
[WhiteTeam "Baden-Baden (W)"]
[BlackTeam "Leipzig Weissblau (W)"]
[WhiteTeamCountry "GER"]
[BlackTeamCountry "GER"]

1. e4 e6 2. d4 d5 3. Nc3 Bb4 4. e5 Qd7 5. a3 Bxc3+ 6. bxc3 b6 7. Qg4 f5 8. Qg3 Ba6 9. Bxa6 Nxa6 10. a4 Nb8 11. Ne2 Qf7 12. c4 Ne7 13. cxd5 Nxd5 14. Ba3 Nc6 15. 0-0 a5 16. c4 Ndb4 17. d5 exd5 18. e6 Qxe6 19. Nf4 Qd7 20. Rfe1+ Kf7 21. cxd5 Nd8 22. Ne6 g6 23. Qe5 Rg8 24. Ng5+ Kf8 25. Qf6+ 1-0

[Event "WchT Seniors 50"]
[Site "Rhodes"]
[Date "2019.04.16"]
[Round "1.3"]
[White "Petursson, Margeir"]
[Black "Schulz, Petra"]
[Result "1-0"]
[WhiteElo "2492"]
[BlackElo "2051"]
[PlyCount "109"]
[EventDate "2019.04.16"]
[EventType "team-swiss"]
[EventRounds "9"]
[EventCountry "GRE"]
[SourceTitle "CBM 190 Extra"]
[Source "ChessBase"]
[SourceDate "2019.07.15"]
[SourceVersion "1"]
[SourceVersionDate "2019.07.15"]
[SourceQuality "1"]
[WhiteTeam "Iceland"]
[BlackTeam "Germany (Women)"]
[WhiteTeamCountry "ISL"]
[BlackTeamCountry "GER"]

1. d4 Nf6 2. c4 g6 3. Nc3 Bg7 4. e4 d6 5. h3 0-0 6. Bg5 h6 7. Be3 Nbd7 8. Qd2 c5 9. d5 Kh7 10. Nf3 b5 11. cxb5 Qa5 12. Bd3 a6 13. bxa6 Bxa6 14. 0-0 Rfb8 15. Rab1 Bxd3 16. Qxd3 Ne8 17. Bd2 Nc7 18. a3 Nb5 19. Rfc1 Nd4 20. Nxd4 cxd4 21. Na2 Nc5 22. Qc2 Qa4 23. Nb4 Qxc2 24. Rxc2 Nxe4 25. Re1 Nxd2 26. Rxd2 Bf6 27. Rc2 Rb5 28. Kf1 Rab8 29. Ke2 Kg7 30. Kd3 Kf8 31. Rc7 Rxb4 32. axb4 Rxb4 33. Rb1 Ke8 34. b3 Kd8 35. Ra7 Rb5 36. Ke4 d3 37. Kxd3 Rxd5+ 38. Ke2 Re5+ 39. Kf1 Rb5 40. b4 Bd4 41. Ra5 Rb7 42. Ke2 Kd7 43. f4 h5 44. f5 Bb6 45. fxg6 fxg6 46. Rg5 Ra7 47. Rxg6 Kc6 48. Rg5 e5 49. Rxh5 Ra2+ 50. Kf3 Rf2+ 51. Kg3 Rf4 52. b5+ Kd5 53. h4 Bf2+ 54. Kh3 Bb6 55. Rg5 1-0

[Event "BL2 Ost 1819 (Women)"]
[Site "Germany"]
[Date "2018.12.09"]
[Round "5.1"]
[White "Schulz, Petra"]
[Black "Babiy, Olga"]
[Result "0-1"]
[WhiteElo "2038"]
[BlackElo "2275"]
[PlyCount "68"]
[EventDate "2018.10.27"]
[EventType "team-tourn"]
[EventRounds "7"]
[EventCountry "GER"]
[SourceTitle "CBM 190 Extra"]
[Source "ChessBase"]
[SourceDate "2019.07.15"]
[SourceVersion "1"]
[SourceVersionDate "2019.07.15"]
[SourceQuality "1"]
[WhiteTeam "Leipzig Blauweiss Allianz (W)"]
[BlackTeam "Loeberitz (W)"]
[WhiteTeamCountry "GER"]
[BlackTeamCountry "GER"]

1. e4 c6 2. d4 d5 3. Nc3 dxe4 4. Nxe4 Nf6 5. Nxf6+ exf6 6. c3 Bd6 7. Bd3 0-0 8. Qc2 Re8+ 9. Ne2 h5 10. Be3 Nd7 11. 0-0-0 Nf8 12. Nf4 Bxf4 13. Bxf4 Be6 14. Kb1 b5 15. Rhe1 Ng6 16. Bc1 Qd5 17. b3 a5 18. Be4 Qd7 19. f4 Bg4 20. Bf3 Bxf3 21. gxf3 a4 22. Rg1 axb3 23. Qxb3 Re2 24. Rd2 Qf5+ 25. Qc2 Qxc2+ 26. Rxc2 Rxc2 27. Kxc2 Rxa2+ 28. Kb3 Rxh2 29. c4 bxc4+ 30. Kxc4 Rf2 31. Rh1 h4 32. Kd3 f5 33. Ke3 Ra2 34. Kd3 Ra1 0-1

[Event "BL2 Ost 1617 (Women)"]
[Site "Germany"]
[Date "2017.03.26"]
[Round "6.1"]
[White "Schulz, Petra"]
[Black "Wagner Michel, Annett"]
[Result "1-0"]
[WhiteElo "2096"]
[BlackElo "2132"]
[PlyCount "73"]
[EventDate "2016.10.22"]
[EventType "team-tourn"]
[EventRounds "7"]
[EventCountry "GER"]
[SourceTitle "EXT 2018"]
[Source "ChessBase"]
[SourceDate "2017.10.13"]
[SourceVersion "1"]
[SourceVersionDate "2017.10.13"]
[SourceQuality "1"]
[WhiteTeam "Leipzig Allianz (W)"]
[BlackTeam "Rotation Pankow (W)"]
[WhiteTeamCountry "GER"]
[BlackTeamCountry "GER"]

1. e4 c5 2. Nf3 Nc6 3. d4 cxd4 4. Nxd4 Nf6 5. Nc3 d6 6. Bg5 a6 7. Qd2 e6 8. 0-0-0 Bd7 9. f3 Qc7 10. Kb1 Ne5 11. f4 Ng6 12. Bxf6 gxf6 13. h4 h5 14. Be2 0-0-0 15. g3 Bh6 16. Qd3 Bg7 17. Bf3 Kb8 18. Qe2 f5 19. Bxh5 fxe4 20. Nxe4 e5 21. fxe5 dxe5 22. Nb3 Bf5 23. Bf3 Ne7 24. Nec5 Nc6 25. g4 Bh7 26. Qg2 Nd4 27. Be4 Nxb3 28. Rxd8+ Rxd8 29. Nxb3 Bxe4 30. Qxe4 Qe7 31. a3 Rh8 32. g5 Rc8 33. Re1 Rh8 34. Nd4 Re8 35. Nf5 Qf8 36. Rd1 Bh8 37. Rd7 1-0

[Event "Wch Seniors 50 (Women) 26th"]
[Site "Marianske Lazne"]
[Date "2016.11.28"]
[Round "9"]
[White "Mira, Helene"]
[Black "Schulz, Petra"]
[Result "0-1"]
[WhiteElo "2047"]
[BlackElo "2101"]
[PlyCount "106"]
[EventDate "2016.11.19"]
[EventType "swiss"]
[EventRounds "11"]
[EventCountry "CZE"]
[SourceTitle "CBM 175 Extra"]
[Source "ChessBase"]
[SourceDate "2016.12.12"]
[SourceVersion "1"]
[SourceVersionDate "2016.12.12"]
[SourceQuality "1"]

1. Nf3 Nf6 2. c4 g6 3. Nc3 Bg7 4. e4 d6 5. d4 0-0 6. Be2 e5 7. 0-0 Nc6 8. d5 Ne7 9. Ne1 Nd7 10. Nd3 f5 11. f3 b6 12. Be3 f4 13. Bf2 g5 14. b4 Ng6 15. c5 Nf6 16. Rc1 Rf7 17. cxd6 cxd6 18. Nb5 g4 19. Rc6 Bf8 20. Qc2 Bd7 21. Nxd6 Bxd6 22. Rxd6 gxf3 23. gxf3 Qe7 24. Rc6 Bxc6 25. dxc6 Rg7 26. Kh1 Ne8 27. b5 Kh8 28. Qc4 Nd6 29. Qb4 Rag8 30. Rg1 Nh4 31. Rxg7 Qxg7 32. Ne1 Ng2 33. Bf1 Nxe1 34. Qxe1 Nxb5 35. Bh3 Nc7 36. Qd1 Ne6 37. Qd7 Qxd7 38. cxd7 Ng5 39. Bg4 Kg7 40. h4 Nf7 41. h5 Nd8 42. a4 Nc6 43. Bh4 Kf7 44. h6 a6 45. Bf5 b5 46. axb5 axb5 47. Bh3 Rb8 48. Kh2 b4 49. Bf5 b3 50. Bxh7 b2 51. Bf5 b1Q 52. h7 Rb2+ 53. Kh3 Qg1 0-1

[Event "Wch Seniors 50 (Women) 26th"]
[Site "Marianske Lazne"]
[Date "2016.11.21"]
[Round "3"]
[White "Schulz, Petra"]
[Black "Burchardt, Brigitte"]
[Result "1/2-1/2"]
[WhiteElo "2101"]
[BlackElo "2204"]
[PlyCount "73"]
[EventDate "2016.11.19"]
[EventType "swiss"]
[EventRounds "11"]
[EventCountry "CZE"]
[SourceTitle "CBM 175 Extra"]
[Source "ChessBase"]
[SourceDate "2016.12.12"]
[SourceVersion "1"]
[SourceVersionDate "2016.12.12"]
[SourceQuality "1"]

1. e4 c5 2. Nf3 d6 3. Bb5+ Bd7 4. Bxd7+ Qxd7 5. c4 Nc6 6. Nc3 Nf6 7. d4 cxd4 8. Nxd4 g6 9. h3 Bg7 10. Be3 0-0 11. 0-0 Rfe8 12. Rc1 Rac8 13. b3 a6 14. Qd3 Qd8 15. f4 Nd7 16. Rcd1 Qa5 17. Kh1 Nc5 18. Qd2 Nxd4 19. Bxd4 Bxd4 20. Qxd4 b5 21. f5 bxc4 22. bxc4 Nd7 23. Nd5 Qc5 24. f6 exf6 25. Nxf6+ Nxf6 26. Qxf6 Qxc4 27. Rxd6 Rxe4 28. Rxa6 Re2 29. Ra7 Rf8 30. a4 Ra2 31. Qf4 Qc2 32. Qf3 Qc4 33. a5 Qe6 34. Qd3 Qc6 35. Qf3 Qe6 36. Qd3 Qc6 37. Qf3 1/2-1/2

[Event "BL2 Ost 1516 (Women)"]
[Site "Germany"]
[Date "2016.02.27"]
[Round "6.2"]
[White "Waechter, Nathalie"]
[Black "Schulz, Petra"]
[Result "1-0"]
[WhiteElo "1984"]
[BlackElo "2106"]
[PlyCount "131"]
[EventDate "2015.09.26"]
[EventType "team-tourn"]
[EventRounds "7"]
[EventCountry "GER"]
[SourceTitle "EXT 2017"]
[Source "ChessBase"]
[SourceDate "2016.10.25"]
[SourceVersion "1"]
[SourceVersionDate "2016.10.25"]
[SourceQuality "1"]
[WhiteTeam "Harksheide (W)"]
[BlackTeam "Leipzig Allianz (W)"]
[WhiteTeamCountry "GER"]
[BlackTeamCountry "GER"]

1. d4 Nf6 2. c4 g6 3. Nc3 Bg7 4. e4 d6 5. Be2 0-0 6. Nf3 e5 7. d5 a5 8. Bg5 h6 9. Bh4 Na6 10. Nd2 Qe8 11. a3 Bd7 12. b3 Nh7 13. 0-0 h5 14. f3 Bh6 15. Rb1 Nc5 16. Bf2 Qe7 17. b4 axb4 18. axb4 Na4 19. Qc2 Qg5 20. Rfd1 h4 21. Bf1 Nf6 22. c5 Nxc3 23. Qxc3 Nh5 24. Kh1 Ra2 25. Rb2 Rxb2 26. Qxb2 Ba4 27. Ra1 Bd7 28. Nb3 Nf4 29. Be3 f5 30. exf5 gxf5 31. Ra7 Bc8 32. Na5 e4 33. Nxb7 exf3 34. gxf3 Qh5 35. Qf2 Nxd5 36. Qg2+ Kh7 37. Bxh6 Qxh6 38. Nxd6 Rg8 39. Qf2 Be6 40. b5 Rg7 41. b6 cxb6 42. cxb6 Rxa7 43. bxa7 Nc7 44. a8Q Nxa8 45. Qa7+ Qg7 46. Qxa8 Qd4 47. Qb7+ Kg6 48. Qa6 Kg5 49. Qd3 Qe5 50. Qd2+ Kg6 51. Qg2+ Kf6 52. Nc4 Qd4 53. Qb2 Qxb2 54. Nxb2 Ke5 55. Kg2 Kd4 56. Nd1 Bd5 57. Be2 Ke5 58. Kf2 Kf4 59. Ne3 Bc6 60. Ng2+ Kg5 61. f4+ Kf6 62. Nxh4 Be4 63. Ke3 Bb7 64. Nf3 Bc6 65. h4 Be8 66. Ng5 1-0

[Event "Wch Seniors 50 (Women) 25th"]
[Site "Acqui Terme"]
[Date "2015.11.21"]
[Round "9"]
[White "Schulz, Petra"]
[Black "Strutinskaya, Galina N"]
[Result "1/2-1/2"]
[WhiteElo "2094"]
[BlackElo "2227"]
[PlyCount "96"]
[EventDate "2015.11.10"]
[EventType "swiss"]
[EventRounds "11"]
[EventCountry "ITA"]
[SourceTitle "CBM 169 Extra"]
[Source "ChessBase"]
[SourceDate "2015.12.18"]
[SourceVersion "1"]
[SourceVersionDate "2015.12.18"]
[SourceQuality "1"]

1. e4 c5 2. Nf3 d6 3. Bb5+ Nc6 4. 0-0 Bd7 5. Re1 a6 6. Bf1 Bg4 7. c3 g6 8. h3 Bxf3 9. Qxf3 Bg7 10. d3 e6 11. Be3 Nge7 12. Qd1 Qb6 13. Qc1 0-0 14. Nd2 Qc7 15. Nf3 Rfe8 16. Qd2 Rac8 17. Nh2 f5 18. f4 b6 19. Bf2 e5 20. g3 b5 21. Bg2 b4 22. c4 a5 23. Rac1 Nd4 24. Bxd4 cxd4 25. Re2 fxe4 26. Bxe4 d5 27. Bg2 e4 28. Ree1 e3 29. Qe2 Qd6 30. b3 dxc4 31. bxc4 Rc5 32. Be4 a4 33. Rb1 Rb8 34. Rb2 Rb6 35. Reb1 Rc8 36. Qc2 a3 37. Rb3 Qc5 38. Qe2 Nf5 39. Bxf5 gxf5 40. Nf3 Bf8 41. Kh2 Bg7 42. Ne1 Rcb8 43. Nc2 Bf8 44. Qf3 Kh8 45. Kg2 Qd6 46. Kh2 Qc5 47. Kg2 Qd6 48. Kh2 Qc5 1/2-1/2